Countries by Bicycles per Capita - Statistics

General Stats
  • This quiz has been taken 83 times
  • The average score is 8 of 10
Answer Stats
# per Capita Country % Correct
0.99 Netherlands
97%
0.48 Belgium
90%
0.81 Denmark
90%
0.75 Germany
87%
0.61 Norway
84%
0.60 Finland
83%
0.64 Sweden
83%
0.49 Switzerland
68%
0.57 Japan
58%
0.37 China
53%
No matching quizzes found
Score Distribution
Percent of People with Each Score
Percentile by Number Answered
Your Score History
You have not taken this quiz